| 000 | 00000nam##2200000za#4500 |
| 001 | 9.639306 |
| 003 | CaOODSP |
| 005 | 20210624222111 |
| 007 | cr ||||||||||| |
| 008 | 150407|2004||||xxc|||||o f|0| 0 fre|d |
| 040 | |aCaOODSP|bfre |
| 043 | |an-cn--- |
| 086 | 1 |aFA3-76/2004F-PDF |
| 110 | 1 |aCanada. |bBureau du vérificateur général. |
| 245 | 10|aManuel de vérification de gestion |h[ressource électronique] |
| 260 | |aOttawa - Ontario : |bBureau du vérificateur général du Canada |cc2004. |
| 300 | |a144p.|bfigures, tableaux, photographies |
| 590 | |a11-25-Supp|b2011-10-31 |
| 775 | 08|tPerformance audit manual |w(CaOODSP)9.695167 |
| 856 | 40|ahttp://publications.gc.ca|qPDF|s1276 Ko|uhttps://publications.gc.ca/collections/collection_2011/bvg-oag/FA3-76-2004-fra.pdf |